00307nam a2200121Ia 45000030006000000080041000060400015000471000021000622450040000832600033001235460012001560050017001680STCL150530s9999 xx 000 0 und d aSTCLcSTCL aLytton Sells, A. aOliver Goldsmith his life and works bGeorge Allen and Unwinc1974 aEnglish20220125170835.0